000 01010nam a2200289Ia 4500
003 OSt
005 20221006154200.0
006 a|||||r|||| 00| 0
007 ta
008 221006b |||||||| |||| 00| 0 eng d
020 _a9780801492501
_c£16.50
024 _a34,648
037 _b29666, 31/03/2010, Segment Book Distributor
_cTextual
040 _aEASL
_cEASL
_beng
041 _2eng
_aeng
082 _aV1:19(Z).N7, M3
100 _aKRASNER Stephen D. Ed.
_9501075
245 0 _aInternational regimes
260 _aIthaca
_bCornell University Press
_c1983
300 _a372p.
_ccm.
490 _v Gen
_aCornell Studies in Political Economy
650 _a Gen
650 _a International relations - Research - Addresses essays lectures
_9650669
650 _aInternational organization - Research - Addresses essays lectures
_9666926
942 _hV1:19(Z).N7, M3
_cTEXL
_2CC
999 _c1102734
_d1102734